Statistics for World's Most Populated cities // +5 Million

Click here to take the quiz!

General Stats

  • This quiz has been taken 17 times
  • The average score is 62 of 83

Answer Stats

InhabitantsCountryCity% Correct
21,766,214ChinaBeijing
100%
22,183,201EgyptCairo
100%
9,320,866VietnamHo Chi Minh
100%
15,847,768TurkeyIstanbul
100%
11,248,839IndonesiaJakarta
100%
9,648,110United KingdomLondon
100%
22,281,442MexicoMexico City
100%
12,680,389RussiaMoscow
100%
7,888,121United StatesNew York
100%
22,619,736BrazilSao Paulo
100%
9,988,049South KoreaSeoul
100%
37,194,105JapanTokyo
100%
5,397,098TurkeyAnkara
93%
7,711,305IraqBaghdad
93%
15,490,415ArgentinaBuenos Aires
93%
32,941,309IndiaDelhi
93%
23,209,616BangladeshDhaka
93%
8,621,724MalaysiaKuala Lumpur
93%
6,751,374SpainMadrid
93%
5,235,407AustraliaMelbourne
93%
21,296,517IndiaMumbai
93%
11,208,440FranceParis
93%
13,727,720BrazilRio de Janeiro
93%
7,684,801Saudi ArabiaRiyadh
93%
29,210,808ChinaShanghai
93%
5,120,894AustraliaSydney
93%
9,499,781IranTehran
93%
5,460,591EthiopiaAddis Ababa
86%
5,588,477EgyptAlexandria
86%
13,607,800IndiaBangalore
86%
11,069,982ThailandBangkok
86%
11,507,960ColombiaBogota
86%
11,776,147IndiaChennai
86%
7,684,801Hong KongHong Kong
86%
6,198,016South AfricaJohannesburg
86%
17,236,230PakistanKarachi
86%
16,315,534DR CongoKinshasa
86%
15,332,793IndiaKolkata
86%
15,945,912NigeriaLagos
86%
13,979,390PakistanLahore
86%
11,204,382PeruLima
86%
14,667,089PhilippinesManila
86%
9,569,328JapanNagoya
86%
19,013,434JapanOsaka
86%
5,561,294RussiaSaint Petersburg
86%
6,080,859SingaporeSingapore
86%
6,371,958CanadaToronto
86%
14,284,353ChinaGuangzhou
79%
5,253,385VietnamHanoi
79%
9,292,336AngolaLuanda
79%
5,325,160KenyaNairobi
79%
7,166,374IndiaPune
79%
8,718,250ChinaWuhan
79%
8,650,605IndiaAhmedabad
71%
6,247,889BrazilBelo Horizonte
71%
7,775,865TanzaniaDar Es Salaam
71%
5,419,880MexicoGuadalajara
71%
8,237,206ChinaHangzhou
71%
10,801,163IndiaHyderabad
71%
13,072,633ChinaShenzhen
71%
5,686,350Ivory CoastAbidjan
64%
5,687,356SpainBarcelona
64%
9,653,772ChinaChengdu
64%
17,340,704ChinaChongqing
64%
6,344,348SudanKhartoum
64%
6,903,392ChileSantiago
64%
14,238,643ChinaTianjin
64%
5,610,241MyanmarYangon
64%
5,379,660BangladeshChittagong
57%
5,116,647MexicoMonterrey
57%
5,986,525ChinaQingdao
50%
7,680,967ChinaShenyang
50%
9,698,464ChinaNanjing
43%
5,490,271JapanFukuoka
36%
8,064,949IndiaSurat
36%
5,859,272ChinaZhengzhou
29%
6,077,995ChinaDalian
21%
7,587,049ChinaDongguan
21%
7,597,386ChinaFoshan
21%
8,074,031ChinaSuzhou
21%
6,803,811ChinaHaerbin
0%
5,806,031ChinaJi Nan Shandong
0%
8,785,174ChinaXi An Shaanxi
0%

Score Distribution

Percentile by Number Answered

Percent of People with Each Score

Your Score History

You have not taken this quiz